[Event "Steyr Landesliga 1112"]
[Site "Austria"]
[Date "2011.10.29"]
[Round "4.4"]
[White "Draxler, Josef"]
[Black "Ebner, Walter"]
[Result "1-0"]
[WhiteElo "2149"]
[BlackElo "2103"]
[PlyCount "95"]
[EventDate "2011.09.24"]
[EventType "team-tourn"]
[EventRounds "11"]
[EventCountry "AUT"]
[SourceTitle "EXT 2013"]
[Source "ChessBase"]
[SourceDate "2012.11.22"]
[SourceVersion "1"]
[SourceVersionDate "2012.11.22"]
[SourceQuality "1"]
[WhiteTeam "Weiz"]
[BlackTeam "Gleisdorf"]
[WhiteTeamCountry "AUT"]
[BlackTeamCountry "AUT"]

1. d4 Nf6 2. c4 g6 3. g3 Bg7 4. Bg2 d6 5. Nc3 0-0 6. Nf3 Nbd7 7. 0-0 e5 8. b3 Re8 9. e3 c6 10. Qc2 Nf8 11. Rd1 e4 12. Nd2 Bf5 13. b4 d5 14. a4 Ne6 15. Qb3 Qd7 16. f4 h5 17. a5 h4 18. gxh4 Ng4 19. Nf1 dxc4 20. Qxc4 Qe7 21. Qe2 Qxh4 22. Nxe4 Nf6 23. Qf2 Qh5 24. Nxf6+ Bxf6 25. Bb2 Bg4 26. Rdc1 Bh4 27. Ng3 Qb5 28. Qd2 Rad8 29. a6 Rd5 30. Ra5 Qb6 31. axb7 Qxb7 32. Ne4 Qe7 33. Rxc6 Rxa5 34. bxa5 Nd8 35. Rc5 Ne6 36. Rc1 Ng7 37. d5 f5 38. d6 Qf7 39. Nc5 Kh7 40. Bd5 Qf8 41. Qd4 Nh5 42. Ne6 Rxe6 43. Bxe6 Bf6 44. Qxa7+ Ng7 45. Ba3 Qe8 46. Bd5 Qa4 47. Qb8 Ne8 48. Qb4 1-0